Námestie slobody v Šaštíne - rekonštrukcia verejného priestoru

Guardado en:
Detalles Bibliográficos
Autor principal: Jureková, Adriána (Autor)
Otros Autores: Kaliská, Dagmar (Orientador)
Formato: Manuscrito Libro
Lenguaje:eslovaco
Publicado: Bratislava 2016
Materias:
Acceso en línea:http://is.stuba.sk/zp/portal_zp.pl?podrobnosti=93801
Etiquetas: Agregar Etiqueta
Sin Etiquetas, Sea el primero en etiquetar este registro!

MARC

LEADER 00000ntm a22000003a 4500
001 stuzp51835
003 SK-STU
005 20210222103017.6
007 ta
008 150427s2015----xo-----f-mn---000-0-slo-d
040 |a STU  |b slo 
041 0 |a slo 
100 1 |a Jureková, Adriána  |u 056160  |4 aut  |U FAD Fakulta architektúry  |T FA Ústav urbanizmu a územného plánovania  |X 61946  |U A6160  |Y 397  |7 61946 
242 0 1 |a Square in Šaštín  |y eng 
245 1 0 |a Námestie slobody v Šaštíne - rekonštrukcia verejného priestoru 
260 |c 2016  |a Bratislava 
650 4 |a Šaštín  |2 slo 
650 4 |a Námestie slobody  |2 slo 
650 4 |a podzemné garáže  |2 slo 
650 4 |a Šaštín  |2 eng 
650 4 |a Námestie slobody  |2 eng 
650 4 |a underground parking  |2 eng 
700 1 |a Kaliská, Dagmar  |u 056160  |k Z1  |4 ths  |U FAD Fakulta architektúry  |T FA Ústav urbanizmu a územného plánovania  |X 421  |U A6160  |Y 397  |7 A000000421 
856 4 |u http://is.stuba.sk/zp/portal_zp.pl?podrobnosti=93801  |u https://opac.crzp.sk/?fn=detailBiblioForm&sid=367CD704F5D5570C76E0F1DE3652 
SQL |a stuzp51835  |b DBP  |c SLO  |d Námestie slobody v Šaštíne - rekonštrukcia verejného priestoru  |e 61946  |f Jureková, Adriána  |g 056160  |h 421  |i Kaliská, Dagmar  |j 20160610  |k 149  |l 05  |m http://is.stuba.sk/zp/portal_zp.pl?podrobnosti=93801  |n B-AU  |o 5.1.1. architektúra a urbanizmus